000 00507nam a2200193 i 4500
001 42778
003 ES-MaACL
005 20250712062539.0
007 t|
008 030314s1971 sp ||||1| spa d
080 _a821.134.2-32"19"
100 1 _aCela, Camilo José,
_d1916-2002
_937336
245 1 0 _aGarito de hospicianos /
_cCamilo José Cela.
250 _a2ª ed.
260 _a[Barcelona] :
_bNoguer,
_c1971.
300 _a302 p. ;
_c23 cm.
852 4 _aES-MaACL
_jC-38153
999 _c42778
_d42778